<?xml version="1.0" encoding="UTF-8"?>
<collection xmlns:xsi="http://www.w3.org/2001/XMLSchema-instance" xsi:schemaLocation="http://www.loc.gov/MARC21/slim http://www.loc.gov/standards/marcxml/schema/MARC21slim.xsd" xmlns="http://www.loc.gov/MARC21/slim">
 <record>
  <leader>00000cam a22000001a 4500</leader>
  <controlfield tag="001">UP-1685675941123878971</controlfield>
  <controlfield tag="003">Buklod</controlfield>
  <controlfield tag="005">20111118152540.0</controlfield>
  <controlfield tag="006">aa    rb   |||1 u|</controlfield>
  <controlfield tag="007">ta</controlfield>
  <controlfield tag="008">070924s2009    caua    r    |001 0|eng d</controlfield>
  <datafield tag="020" ind1=" " ind2=" ">
   <subfield code="a">9789810698829</subfield>
  </datafield>
  <datafield tag="035" ind1=" " ind2=" ">
   <subfield code="a">(iLib)UPTAC-00010826771</subfield>
  </datafield>
  <datafield tag="037" ind1=" " ind2=" ">
   <subfield code="b">Mind Mover</subfield>
   <subfield code="c">PhP898</subfield>
  </datafield>
  <datafield tag="040" ind1=" " ind2=" ">
   <subfield code="a">DLC</subfield>
   <subfield code="d">UPVTC</subfield>
  </datafield>
  <datafield tag="041" ind1=" " ind2=" ">
   <subfield code="a">eng</subfield>
  </datafield>
  <datafield tag="090" ind1=" " ind2="0">
   <subfield code="a">QR 41.2</subfield>
   <subfield code="b">B38 2009</subfield>
  </datafield>
  <datafield tag="100" ind1="1" ind2=" ">
   <subfield code="a">Bauman, Robert W.</subfield>
  </datafield>
  <datafield tag="245" ind1="1" ind2="0">
   <subfield code="a">Microbiology with diseases by body system</subfield>
   <subfield code="c">Robert W. Bauman.</subfield>
  </datafield>
  <datafield tag="250" ind1=" " ind2=" ">
   <subfield code="a">2nd ed.</subfield>
  </datafield>
  <datafield tag="264" ind1=" " ind2="1">
   <subfield code="a">Singapore</subfield>
   <subfield code="b">Pearson Education</subfield>
   <subfield code="c">c2009.</subfield>
  </datafield>
  <datafield tag="300" ind1=" " ind2=" ">
   <subfield code="a">xxxiii, 792, [96] p.</subfield>
   <subfield code="b">ill. (black &amp; white)</subfield>
   <subfield code="c">25 cm.</subfield>
  </datafield>
  <datafield tag="500" ind1=" " ind2=" ">
   <subfield code="a">Includes index.</subfield>
  </datafield>
  <datafield tag="505" ind1="0" ind2=" ">
   <subfield code="a">Table of Contents:  1. A Brief History of Microbiology -- 2. The Chemistry of Microbiology --  3. Cell Structure and Function --  4. Microscopy, Staining and Classification --  5. Microbial Metabolism --  6. Microbial Nutrition and Growth --  7. Microbial Genetics -- 8. Recombinant DNA Technology -- 9. Controlling Microbial Growth in the Environment -- 10. Controlling Microbial Growth in the Body: Antimicrobial Drugs -- 11. Characterizing and Classifying Prokaryotes -- 12. Characterizing and Classifying Eukaryotes -- 13. Characterizing and Classifying Viruses, Viroids and Prions --  14. Infection, Infectious Diseases, and Epidemiology --  15. Innate Immunity -- 16. Adaptive Immunity -- 17. Immunization and Immune Testing -- 18. AIDS and Other Immune Disorders -- 19. Microbial Diseases of the Skin and Wounds -- 20. Microbial diseases of the Nervous System and Eyes --  21. Microbial Cardiovascular and Systemic Diseases -- 22. Microbial Diseases of the Respiratory System -- 23. Microbial Diseases of the Digestive System -- 24. Microbial Diseases of the Urinary and Reproductive Systems -- 25. Applied and Environmental Microbiology.  Answers to End-of-Chapter Questions for Review. -- Appendix A. Metabolic Pathways -- Appendix B. Some Mathematical Considerations in Microbiology -- Appendix C. Classification of Bacteria According to Bergey's Manual --  Appendix D. Major Microbial Agents of Human Diseases by Pathogen. -- Glossary. Illustration and Photo Credits. Index.</subfield>
  </datafield>
  <datafield tag="650" ind1=" " ind2="0">
   <subfield code="a">Microbiology.</subfield>
  </datafield>
  <datafield tag="650" ind1=" " ind2="0">
   <subfield code="a">Bacterial Infections</subfield>
   <subfield code="x">microbiology.</subfield>
  </datafield>
  <datafield tag="700" ind1="1" ind2=" ">
   <subfield code="a">Machunis-Masuoka, Elizabeth.</subfield>
  </datafield>
  <datafield tag="856" ind1="4" ind2="1">
   <subfield code="3">Table of contents only</subfield>
   <subfield code="u">https://drive.google.com/file/d/16kg6ihOE2p9dLg1AXYC7QUpATWZkdY0H/view?usp=drivesdk</subfield>
  </datafield>
  <datafield tag="905" ind1=" " ind2=" ">
   <subfield code="a">FO</subfield>
  </datafield>
  <datafield tag="852" ind1="0" ind2=" ">
   <subfield code="a">UPTAC</subfield>
   <subfield code="b">UPTAC</subfield>
   <subfield code="h">QR 41.2 B38 2009</subfield>
  </datafield>
  <datafield tag="942" ind1=" " ind2=" ">
   <subfield code="a">Book</subfield>
  </datafield>
 </record>
</collection>
